compter en japonais - Statistiques

Statistiques générales
  • Ce quiz a été pris 353 fois
  • Le résultat moyen est 13 sur 22
Statistiques - réponses
Hint Réponse % Correct
3 san
98%
1000 sen
98%
1 ichi
97%
2 ni
97%
5 go
86%
7 nana
86%
6 roku
85%
4 yon
82%
8 hachi
80%
9 kyu
78%
10 ju
75%
4 shi
65%
100 hyaku
49%
200 nihyaku
46%
9 ku
45%
7 shichi
42%
300 sanbyaku
28%
3000 sanzen
26%
800 happyaku
23%
8000 hassen
21%
10000 ichiman
18%
600 roppyaky
3%
Aucun quiz correspondant
Distribution des résultats
% des personnes avec chaque résultat
Percentile par nombre de réponses
Votre historique - résultats
Vous n’avez pas pris ce quiz